[Event "ODJM A 2023"]
[Site "Willingen GER"]
[Date "2023.06.03"]
[Round "9"]
[White "Schwartz, Oliver"]
[Black "Paeslack, Luis"]
[Result "1/2-1/2"]
[Termination "normal"]
[Board "19"]
[WhiteElo "1919"]
[BlackElo "1887"]
[WhiteClock "00:49:48"]
[BlackClock "00:22:38"]
[PlyCount "44"]
[WhiteFideId "16207459"]
[BlackFideId "12987760"]
[EventCountry "GER"]
[EventRounds "9"]
[EventType "swiss"]
[EventDate "2023.05.27"]

1. e4 {[%clk 01:30:55]} {[%emt 00:00:04]} c5 {[%clk 01:30:23]} {[%emt
00:00:38]} 2. Nf3 {[%clk 01:31:14]} {[%emt 00:00:15]} g6 {[%clk 01:30:20]}
{[%emt 00:00:28]} 3. d4 {[%clk 01:29:37]} {[%emt 00:02:08]} cxd4 {[%clk
01:30:45]} {[%emt 00:00:05]} 4. Nxd4 {[%clk 01:30:01]} {[%emt 00:00:06]} Bg7
{[%clk 01:30:25]} {[%emt 00:00:50]} 5. c4 {[%clk 01:27:49]} {[%emt 00:02:42]}
Nc6 {[%clk 01:30:07]} {[%emt 00:00:47]} 6. Be3 {[%clk 01:26:52]} {[%emt
00:01:27]} d6 {[%clk 01:30:11]} {[%emt 00:00:27]} 7. Nc3 {[%clk 01:24:25]}
{[%emt 00:02:57]} Nf6 {[%clk 01:30:36]} {[%emt 00:00:04]} 8. Be2 {[%clk
01:22:50]} {[%emt 00:02:04]} O-O {[%clk 01:30:15]} {[%emt 00:00:52]} 9. O-O
{[%clk 01:21:59]} {[%emt 00:01:22]} Bd7 {[%clk 01:30:42]} {[%emt 00:00:03]} 10.
Rc1 {[%clk 01:17:38]} {[%emt 00:04:50]} a5 {[%clk 01:25:07]} {[%emt 00:06:04]}
11. b3 {[%clk 01:13:50]} {[%emt 00:04:18]} a4 {[%clk 01:15:36]} {[%emt
00:10:02]} 12. f3 {[%clk 01:09:33]} {[%emt 00:04:47]} axb3 {[%clk 01:07:22]}
{[%emt 00:08:44]} 13. axb3 {[%clk 01:09:42]} {[%emt 00:00:22]} Qa5 {[%clk
00:52:52]} {[%emt 00:15:00]} 14. Nd5 {[%clk 01:01:41]} {[%emt 00:08:30]} Nxd5
{[%clk 00:50:08]} {[%emt 00:03:14]} 15. exd5 {[%clk 01:00:18]} {[%emt
00:01:53]} Nxd4 {[%clk 00:39:29]} {[%emt 00:11:10]} 16. Bxd4 {[%clk 01:00:36]}
{[%emt 00:00:11]} Bxd4+ {[%clk 00:38:26]} {[%emt 00:01:33]} 17. Qxd4 {[%clk
01:01:00]} {[%emt 00:00:07]} Qc5 {[%clk 00:37:04]} {[%emt 00:01:51]} 18. Qxc5
{[%clk 00:53:22]} {[%emt 00:08:08]} dxc5 {[%clk 00:37:31]} {[%emt 00:00:03]}
19. Ra1 {[%clk 00:53:29]} {[%emt 00:00:23]} Bf5 {[%clk 00:35:06]} {[%emt
00:02:56]} 20. Rfc1 {[%clk 00:52:13]} {[%emt 00:01:45]} h5 {[%clk 00:33:23]}
{[%emt 00:02:13]} 21. Kf2 {[%clk 00:51:05]} {[%emt 00:01:38]} Kg7 {[%clk
00:26:14]} {[%emt 00:07:40]} 22. Ke3 {[%clk 00:49:48]} {[%emt 00:01:46]} Rfd8
{[%clk 00:22:38]} {[%emt 00:04:06]} 1/2-1/2

[Event "ODJM A 2023"]
[Site "Willingen GER"]
[Date "2023.06.03"]
[Round "9"]
[White "Loheide, Michel"]
[Black "Mühlich, Cornelius"]
[Result "0-1"]
[Termination "normal"]
[Board "20"]
[WhiteElo "1876"]
[BlackElo "1910"]
[WhiteClock "00:20:31"]
[BlackClock "00:28:09"]
[PlyCount "100"]
[WhiteFideId "34633570"]
[BlackFideId "12963712"]
[EventCountry "GER"]
[EventRounds "9"]
[EventType "swiss"]
[EventDate "2023.05.27"]

1. e4 {[%clk 01:30:57]} {[%emt 00:00:01]} c5 {[%clk 01:31:00]} {[%emt
00:00:02]} 2. Nf3 {[%clk 01:31:20]} {[%emt 00:00:06]} d6 {[%clk 01:31:28]}
{[%emt 00:00:03]} 3. d4 {[%clk 01:31:46]} {[%emt 00:00:04]} cxd4 {[%clk
01:31:55]} {[%emt 00:00:03]} 4. Nxd4 {[%clk 01:32:13]} {[%emt 00:00:03]} Nf6
{[%clk 01:32:16]} {[%emt 00:00:08]} 5. Nc3 {[%clk 01:32:40]} {[%emt 00:00:04]}
Nc6 {[%clk 01:32:43]} {[%emt 00:00:04]} 6. Bg5 {[%clk 01:33:02]} {[%emt
00:00:07]} Bd7 {[%clk 01:33:11]} 7. Qd2 {[%clk 01:28:23]} {[%emt 00:05:09]} Rc8
{[%clk 01:33:35]} {[%emt 00:00:07]} 8. f4 {[%clk 01:20:01]} {[%emt 00:08:52]}
Nxd4 {[%clk 01:33:30]} {[%emt 00:00:35]} 9. Qxd4 {[%clk 01:20:16]} {[%emt
00:00:14]} Qa5 {[%clk 01:33:53]} {[%emt 00:00:07]} 10. O-O-O {[%clk 01:10:38]}
{[%emt 00:10:09]} Rxc3 {[%clk 01:34:05]} {[%emt 00:00:18]} 11. Qxc3 {[%clk
01:06:54]} {[%emt 00:04:14]} Qxc3 {[%clk 01:33:56]} {[%emt 00:00:39]} 12. bxc3
{[%clk 01:07:23]} {[%emt 00:00:01]} Nxe4 {[%clk 01:34:05]} {[%emt 00:00:21]}
13. Re1 {[%clk 00:58:30]} {[%emt 00:09:22]} Bc6 {[%clk 01:17:44]} {[%emt
00:16:52]} 14. Bb5 {[%clk 00:53:57]} {[%emt 00:05:03]} Bxb5 {[%clk 01:15:19]}
{[%emt 00:02:54]} 15. Rxe4 {[%clk 00:54:06]} {[%emt 00:00:21]} Bc6 {[%clk
01:13:12]} {[%emt 00:02:37]} 16. Re2 {[%clk 00:54:19]} {[%emt 00:00:17]} e6
{[%clk 01:09:50]} {[%emt 00:03:52]} 17. c4 {[%clk 00:46:56]} {[%emt 00:07:54]}
h6 {[%clk 01:06:12]} {[%emt 00:04:08]} 18. Bh4 {[%clk 00:46:27]} {[%emt
00:00:58]} Rg8 {[%clk 00:59:58]} {[%emt 00:06:44]} 19. Rd1 {[%clk 00:41:45]}
{[%emt 00:05:12]} Kd7 {[%clk 00:52:53]} {[%emt 00:07:35]} 20. Bg3 {[%clk
00:35:12]} {[%emt 00:07:03]} f5 {[%clk 00:51:45]} {[%emt 00:01:39]} 21. Kb1
{[%clk 00:25:16]} {[%emt 00:10:24]} Be7 {[%clk 00:49:00]} {[%emt 00:03:16]} 22.
Red2 {[%clk 00:21:57]} {[%emt 00:03:48]} Be4 {[%clk 00:46:14]} {[%emt
00:03:17]} 23. Bf2 {[%clk 00:17:44]} {[%emt 00:04:43]} Rc8 {[%clk 00:41:31]}
{[%emt 00:05:13]} 24. Bxa7 {[%clk 00:14:57]} {[%emt 00:03:17]} Rxc4 {[%clk
00:41:09]} {[%emt 00:00:52]} 25. Bd4 {[%clk 00:14:56]} {[%emt 00:00:31]} g5
{[%clk 00:41:05]} {[%emt 00:00:34]} 26. g3 {[%clk 00:13:39]} {[%emt 00:01:47]}
g4 {[%clk 00:36:26]} {[%emt 00:05:09]} 27. Kb2 {[%clk 00:12:23]} {[%emt
00:01:46]} h5 {[%clk 00:26:33]} {[%emt 00:10:23]} 28. Bc3 {[%clk 00:11:46]}
{[%emt 00:01:07]} Rc6 {[%clk 00:22:46]} {[%emt 00:04:17]} 29. Bb4 {[%clk
00:10:41]} {[%emt 00:01:35]} Bf3 {[%clk 00:20:50]} {[%emt 00:02:27]} 30. Re1
{[%clk 00:10:42]} {[%emt 00:00:29]} Bf6+ {[%clk 00:19:35]} {[%emt 00:01:45]}
31. c3 {[%clk 00:10:26]} {[%emt 00:00:46]} Be4 {[%clk 00:18:45]} {[%emt
00:01:19]} 32. a3 {[%clk 00:09:47]} {[%emt 00:01:09]} e5 {[%clk 00:17:30]}
{[%emt 00:01:45]} 33. Red1 {[%clk 00:08:59]} {[%emt 00:01:18]} d5 {[%clk
00:13:59]} {[%emt 00:04:02]} 34. fxe5 {[%clk 00:03:02]} {[%emt 00:06:28]} Bxe5
{[%clk 00:13:58]} {[%emt 00:00:31]} 35. Kb3 {[%clk 00:02:38]} {[%emt 00:00:53]}
Ke6 {[%clk 00:13:07]} {[%emt 00:01:20]} 36. Rf2 {[%clk 00:02:35]} {[%emt
00:00:33]} Rc8 {[%clk 00:11:37]} {[%emt 00:02:02]} 37. a4 {[%clk 00:02:12]}
{[%emt 00:00:53]} h4 {[%clk 00:09:57]} {[%emt 00:02:09]} 38. Rg1 {[%clk
00:01:13]} {[%emt 00:01:29]} Rh8 {[%clk 00:07:02]} {[%emt 00:03:25]} 39. Ba5
{[%clk 00:00:34]} {[%emt 00:01:10]} hxg3 {[%clk 00:06:51]} {[%emt 00:00:40]}
40. hxg3 {[%clk 00:01:02]} {[%emt 00:00:02]} Rh3 {[%clk 00:06:37]} {[%emt
00:00:44]} 41. Bb6 {[%clk 00:23:10]} {[%emt 00:08:22]} Bxg3 {[%clk 00:34:56]}
{[%emt 00:02:10]} 42. Rxg3 {[%clk 00:22:19]} {[%emt 00:01:21]} Rxg3 {[%clk
00:34:58]} {[%emt 00:00:28]} 43. Kb2 {[%clk 00:22:35]} {[%emt 00:00:15]} Kf6
{[%clk 00:29:25]} {[%emt 00:06:02]} 44. Bc7 {[%clk 00:21:43]} {[%emt 00:01:23]}
Rh3 {[%clk 00:28:49]} {[%emt 00:01:05]} 45. Rf1 {[%clk 00:20:09]} {[%emt
00:02:05]} Kg5 {[%clk 00:28:06]} {[%emt 00:01:13]} 46. Bd8+ {[%clk 00:20:26]}
{[%emt 00:00:13]} Kh5 {[%clk 00:28:27]} {[%emt 00:00:08]} 47. Rg1 {[%clk
00:20:12]} {[%emt 00:00:44]} g3 {[%clk 00:28:26]} {[%emt 00:00:33]} 48. Kc1
{[%clk 00:20:24]} {[%emt 00:00:17]} Kg4 {[%clk 00:28:25]} {[%emt 00:00:31]} 49.
Kd2 {[%clk 00:20:35]} {[%emt 00:00:20]} f4 {[%clk 00:28:21]} {[%emt 00:00:34]}
50. Bb6 {[%clk 00:20:31]} {[%emt 00:00:33]} Rh2+ {[%clk 00:28:09]} {[%emt
00:00:42]} 0-1

[Event "ODJM A 2023"]
[Site "Willingen GER"]
[Date "2023.06.03"]
[Round "9"]
[White "Frohnhäuser, Simon"]
[Black "Gold, Florian"]
[Result "0-1"]
[Termination "normal"]
[Board "21"]
[WhiteElo "1901"]
[BlackElo "1841"]
[WhiteClock "00:17:57"]
[BlackClock "00:22:00"]
[PlyCount "76"]
[WhiteFideId "16208528"]
[BlackFideId "16220536"]
[EventCountry "GER"]
[EventRounds "9"]
[EventType "swiss"]
[EventDate "2023.05.27"]

1. e4 {[%clk 01:30:57]} {[%emt 00:00:02]} e6 {[%clk 01:30:56]} {[%emt
00:00:05]} 2. d4 {[%clk 01:31:21]} {[%emt 00:00:06]} d5 {[%clk 01:31:22]}
{[%emt 00:00:04]} 3. e5 {[%clk 01:31:45]} {[%emt 00:00:06]} c5 {[%clk
01:31:36]} {[%emt 00:00:17]} 4. c3 {[%clk 01:32:09]} {[%emt 00:00:06]} Ne7
{[%clk 01:23:32]} {[%emt 00:08:34]} 5. Nf3 {[%clk 01:32:17]} {[%emt 00:00:22]}
Nec6 {[%clk 01:23:20]} {[%emt 00:00:42]} 6. a3 {[%clk 01:32:15]} {[%emt
00:00:32]} a5 {[%clk 01:20:06]} {[%emt 00:03:44]} 7. Bd3 {[%clk 01:32:12]}
{[%emt 00:00:33]} Be7 {[%clk 01:16:46]} {[%emt 00:03:49]} 8. Bc2 {[%clk
01:31:19]} {[%emt 00:01:23]} b5 {[%clk 01:15:00]} {[%emt 00:02:17]} 9. Be3
{[%clk 01:30:30]} {[%emt 00:01:17]} Ba6 {[%clk 01:12:36]} {[%emt 00:02:55]} 10.
h4 {[%clk 01:25:18]} {[%emt 00:05:42]} Nd7 {[%clk 01:07:23]} {[%emt 00:05:43]}
11. Ng5 {[%clk 01:10:33]} {[%emt 00:15:15]} Bxg5 {[%clk 01:02:18]} {[%emt
00:05:36]} 12. hxg5 {[%clk 01:09:25]} {[%emt 00:01:36]} g6 {[%clk 01:00:45]}
{[%emt 00:02:03]} 13. Nd2 {[%clk 01:09:23]} {[%emt 00:00:32]} cxd4 {[%clk
00:57:29]} {[%emt 00:03:46]} 14. cxd4 {[%clk 01:08:29]} {[%emt 00:01:24]} a4
{[%clk 00:57:22]} {[%emt 00:00:39]} 15. Rc1 {[%clk 01:02:54]} {[%emt 00:06:03]}
Qb6 {[%clk 00:55:45]} {[%emt 00:02:08]} 16. Nf3 {[%clk 01:01:46]} {[%emt
00:01:38]} Na5 {[%clk 00:52:22]} {[%emt 00:03:53]} 17. Bd3 {[%clk 01:00:23]}
{[%emt 00:01:53]} Nb3 {[%clk 00:51:18]} {[%emt 00:01:34]} 18. Rc2 {[%clk
01:00:21]} {[%emt 00:00:32]} O-O {[%clk 00:48:15]} {[%emt 00:03:33]} 19. Rh4
{[%clk 00:32:58]} {[%emt 00:27:52]} Rfc8 {[%clk 00:41:33]} {[%emt 00:07:13]}
20. Nd2 {[%clk 00:30:30]} {[%emt 00:02:58]} Na5 {[%clk 00:38:09]} {[%emt
00:03:54]} 21. Qf3 {[%clk 00:27:06]} {[%emt 00:03:54]} Nf8 {[%clk 00:35:50]}
{[%emt 00:02:50]} 22. Rf4 {[%clk 00:24:25]} {[%emt 00:03:10]} Rxc2 {[%clk
00:35:23]} {[%emt 00:00:57]} 23. Bxc2 {[%clk 00:24:50]} {[%emt 00:00:05]} Qc7
{[%clk 00:34:24]} {[%emt 00:01:29]} 24. Bd3 {[%clk 00:24:17]} {[%emt 00:01:03]}
b4 {[%clk 00:31:29]} {[%emt 00:03:25]} 25. Bxa6 {[%clk 00:23:22]} {[%emt
00:01:25]} Rxa6 {[%clk 00:31:57]} {[%emt 00:00:01]} 26. axb4 {[%clk 00:23:07]}
{[%emt 00:00:46]} Nb3 {[%clk 00:31:28]} {[%emt 00:00:59]} 27. Nxb3 {[%clk
00:22:18]} {[%emt 00:01:19]} axb3 {[%clk 00:31:52]} {[%emt 00:00:06]} 28. Qd1
{[%clk 00:22:42]} {[%emt 00:00:05]} Qc4 {[%clk 00:30:02]} {[%emt 00:02:21]} 29.
Bd2 {[%clk 00:22:52]} {[%emt 00:00:19]} Ra2 {[%clk 00:28:58]} {[%emt 00:01:35]}
30. Bc3 {[%clk 00:23:16]} {[%emt 00:00:06]} Qa6 {[%clk 00:28:17]} {[%emt
00:01:11]} 31. Kd2 {[%clk 00:23:05]} {[%emt 00:00:40]} Ra1 {[%clk 00:27:18]}
{[%emt 00:01:29]} 32. Qe2 {[%clk 00:22:50]} {[%emt 00:00:45]} Qa2 {[%clk
00:26:43]} {[%emt 00:01:06]} 33. Qb5 {[%clk 00:18:54]} {[%emt 00:04:27]} Qb1
{[%clk 00:23:27]} {[%emt 00:03:46]} 34. Ke3 {[%clk 00:19:18]} {[%emt 00:00:04]}
Ra7 {[%clk 00:22:12]} {[%emt 00:01:44]} 35. Qb8 {[%clk 00:18:19]} {[%emt
00:01:30]} Qc1+ {[%clk 00:20:38]} {[%emt 00:02:04]} 36. Bd2 {[%clk 00:17:12]}
{[%emt 00:01:37]} Qc7 {[%clk 00:21:07]} {[%emt 00:00:02]} 37. Qxc7 {[%clk
00:17:34]} {[%emt 00:00:08]} Rxc7 {[%clk 00:21:36]} 38. Bc3 {[%clk 00:17:57]}
{[%emt 00:00:08]} Rxc3+ {[%clk 00:22:00]} {[%emt 00:00:06]} 0-1

[Event "ODJM A 2023"]
[Site "Willingen GER"]
[Date "2023.06.03"]
[Round "9"]
[White "Seitz, Manuel"]
[Black "Held, Momme Fredrik"]
[Result "1/2-1/2"]
[Termination "normal"]
[Board "23"]
[WhiteElo "1791"]
[BlackElo "1914"]
[WhiteClock "00:29:40"]
[BlackClock "00:36:01"]
[PlyCount "41"]
[WhiteFideId "16215770"]
[BlackFideId "16237692"]
[EventCountry "GER"]
[EventRounds "9"]
[EventType "swiss"]
[EventDate "2023.05.27"]

1. e4 {[%clk 01:30:56]} {[%emt 00:00:03]} c5 {[%clk 01:30:56]} {[%emt
00:00:05]} 2. f4 {[%clk 01:31:21]} {[%emt 00:00:05]} g6 {[%clk 01:31:01]}
{[%emt 00:00:25]} 3. d4 {[%clk 01:31:21]} {[%emt 00:00:30]} cxd4 {[%clk
01:15:58]} {[%emt 00:15:33]} 4. Qxd4 {[%clk 01:29:52]} {[%emt 00:01:59]} Nf6
{[%clk 01:16:11]} {[%emt 00:00:17]} 5. e5 {[%clk 01:30:05]} {[%emt 00:00:17]}
Nc6 {[%clk 01:16:36]} {[%emt 00:00:05]} 6. Qd3 {[%clk 01:30:14]} {[%emt
00:00:21]} Ng8 {[%clk 01:16:01]} {[%emt 00:01:05]} 7. Nc3 {[%clk 01:27:56]}
{[%emt 00:02:48]} Bg7 {[%clk 01:15:01]} {[%emt 00:01:30]} 8. Be3 {[%clk
01:27:20]} {[%emt 00:01:06]} Nh6 {[%clk 01:08:46]} {[%emt 00:06:45]} 9. O-O-O
{[%clk 01:20:49]} {[%emt 00:07:00]} O-O {[%clk 01:08:49]} {[%emt 00:00:27]} 10.
h3 {[%clk 01:16:24]} {[%emt 00:04:55]} d6 {[%clk 01:05:29]} {[%emt 00:03:51]}
11. g4 {[%clk 01:07:38]} {[%emt 00:09:15]} Qa5 {[%clk 01:03:03]} {[%emt
00:02:57]} 12. Qb5 {[%clk 01:01:48]} {[%emt 00:06:19]} Qxb5 {[%clk 01:00:24]}
{[%emt 00:03:10]} 13. Bxb5 {[%clk 01:02:06]} {[%emt 00:00:11]} dxe5 {[%clk
01:00:49]} {[%emt 00:00:06]} 14. Bxc6 {[%clk 01:01:47]} {[%emt 00:00:50]} bxc6
{[%clk 01:01:14]} {[%emt 00:00:04]} 15. fxe5 {[%clk 01:01:37]} {[%emt
00:00:39]} Bxg4 {[%clk 00:52:19]} {[%emt 00:09:26]} 16. hxg4 {[%clk 00:58:15]}
{[%emt 00:03:51]} Nxg4 {[%clk 00:49:46]} {[%emt 00:03:04]} 17. Re1 {[%clk
00:51:26]} {[%emt 00:07:18]} Nxe5 {[%clk 00:37:51]} {[%emt 00:12:26]} 18. Bd4
{[%clk 00:44:37]} {[%emt 00:07:18]} f6 {[%clk 00:36:38]} {[%emt 00:01:44]} 19.
Bxe5 {[%clk 00:36:33]} {[%emt 00:08:34]} fxe5 {[%clk 00:36:15]} {[%emt
00:00:53]} 20. Rh3 {[%clk 00:36:13]} {[%emt 00:00:49]} Bf6 {[%clk 00:36:01]}
{[%emt 00:00:45]} 21. Nf3 {[%clk 00:29:40]} {[%emt 00:07:03]} 1/2-1/2

[Event "ODJM A 2023"]
[Site "Willingen GER"]
[Date "2023.06.03"]
[Round "9"]
[White "Korbel, Joshua"]
[Black "Tulchynsky, David"]
[Result "1/2-1/2"]
[Termination "normal"]
[Board "24"]
[WhiteElo "1682"]
[BlackElo "1660"]
[WhiteClock "00:01:47"]
[BlackClock "00:22:43"]
[PlyCount "85"]
[WhiteFideId "16273184"]
[BlackFideId "16289560"]
[EventCountry "GER"]
[EventRounds "9"]
[EventType "swiss"]
[EventDate "2023.05.27"]

1. c4 {[%clk 01:30:59]} e5 {[%clk 01:30:49]} {[%emt 00:00:11]} 2. g3 {[%clk
01:31:24]} {[%emt 00:00:05]} Nc6 {[%clk 01:31:11]} {[%emt 00:00:08]} 3. Bg2
{[%clk 01:31:48]} {[%emt 00:00:06]} f5 {[%clk 01:31:37]} {[%emt 00:00:04]} 4.
Nc3 {[%clk 01:30:47]} {[%emt 00:01:32]} Nf6 {[%clk 01:31:53]} {[%emt 00:00:13]}
5. d3 {[%clk 01:28:40]} {[%emt 00:02:37]} g6 {[%clk 01:31:06]} {[%emt
00:01:17]} 6. a3 {[%clk 01:21:18]} {[%emt 00:07:53]} a5 {[%clk 01:31:29]}
{[%emt 00:00:06]} 7. Nd5 {[%clk 01:16:50]} {[%emt 00:04:58]} h6 {[%clk
01:30:35]} {[%emt 00:01:24]} 8. Bd2 {[%clk 01:15:23]} {[%emt 00:01:57]} Bg7
{[%clk 01:30:41]} {[%emt 00:00:25]} 9. Nh3 {[%clk 01:04:53]} {[%emt 00:10:59]}
O-O {[%clk 01:29:19]} {[%emt 00:01:52]} 10. f4 {[%clk 01:01:07]} {[%emt
00:04:15]} d6 {[%clk 01:28:51]} {[%emt 00:00:58]} 11. Bc3 {[%clk 00:57:41]}
{[%emt 00:03:57]} Be6 {[%clk 01:23:54]} {[%emt 00:05:26]} 12. Qb3 {[%clk
00:51:53]} {[%emt 00:06:19]} Rb8 {[%clk 01:21:23]} {[%emt 00:03:02]} 13. Qb5
{[%clk 00:47:47]} {[%emt 00:04:35]} e4 {[%clk 01:19:28]} {[%emt 00:02:25]} 14.
dxe4 {[%clk 00:38:09]} {[%emt 00:10:08]} Nxe4 {[%clk 01:17:42]} {[%emt
00:02:16]} 15. Bxe4 {[%clk 00:36:37]} {[%emt 00:02:03]} Bxc3+ {[%clk 01:13:29]}
{[%emt 00:04:42]} 16. bxc3 {[%clk 00:32:32]} {[%emt 00:04:35]} fxe4 {[%clk
01:13:48]} {[%emt 00:00:11]} 17. Nf2 {[%clk 00:32:50]} {[%emt 00:00:12]} Bf5
{[%clk 01:10:49]} {[%emt 00:03:29]} 18. Rd1 {[%clk 00:24:13]} {[%emt 00:09:07]}
Rf7 {[%clk 01:03:09]} {[%emt 00:08:10]} 19. h3 {[%clk 00:20:55]} {[%emt
00:03:48]} Qe8 {[%clk 00:57:18]} {[%emt 00:06:21]} 20. e3 {[%clk 00:20:57]}
{[%emt 00:00:28]} b6 {[%clk 00:55:34]} {[%emt 00:02:15]} 21. g4 {[%clk
00:19:37]} {[%emt 00:01:49]} Bc8 {[%clk 00:55:50]} {[%emt 00:00:14]} 22. Qb1
{[%clk 00:19:24]} {[%emt 00:00:43]} Ne7 {[%clk 00:46:37]} {[%emt 00:09:42]} 23.
Nxe4 {[%clk 00:15:51]} {[%emt 00:04:04]} Nxd5 {[%clk 00:46:03]} {[%emt
00:01:05]} 24. cxd5 {[%clk 00:16:17]} {[%emt 00:00:04]} Kg7 {[%clk 00:45:26]}
{[%emt 00:01:06]} 25. Rd4 {[%clk 00:15:33]} {[%emt 00:01:14]} Bb7 {[%clk
00:44:07]} {[%emt 00:01:49]} 26. Kf2 {[%clk 00:14:47]} {[%emt 00:01:16]} Re7
{[%clk 00:44:30]} {[%emt 00:00:07]} 27. c4 {[%emt 00:02:06]} b5 {[%clk
00:39:29]} {[%emt 00:04:12]} 28. Re1 {[%clk 00:13:03]} {[%emt 00:01:57]} bxc4
{[%clk 00:39:30]} {[%emt 00:00:29]} 29. Qc2 {[%clk 00:13:00]} {[%emt 00:00:32]}
Bxd5 {[%clk 00:39:10]} {[%emt 00:00:49]} 30. Nxd6 {[%clk 00:11:57]} {[%emt
00:01:35]} cxd6 {[%clk 00:34:05]} {[%emt 00:05:35]} 31. Rxd5 {[%clk 00:12:16]}
{[%emt 00:00:11]} Qc6 {[%clk 00:34:28]} {[%emt 00:00:07]} 32. Qc3+ {[%clk
00:11:27]} {[%emt 00:01:19]} Kh7 {[%clk 00:34:41]} {[%emt 00:00:17]} 33. Qd4
{[%clk 00:10:07]} {[%emt 00:01:49]} c3 {[%clk 00:33:57]} {[%emt 00:01:15]} 34.
Rc1 {[%clk 00:09:01]} {[%emt 00:01:35]} Rb2+ {[%clk 00:34:13]} {[%emt
00:00:15]} 35. Kg3 {[%clk 00:08:05]} {[%emt 00:01:25]} Rxe3+ {[%clk 00:23:46]}
{[%emt 00:10:58]} 36. Qxe3 {[%clk 00:07:57]} {[%emt 00:00:37]} Qxd5 {[%clk
00:24:10]} {[%emt 00:00:06]} 37. Qe7+ {[%clk 00:07:10]} {[%emt 00:01:17]} Kg8
{[%clk 00:24:22]} {[%emt 00:00:18]} 38. Qd8+ {[%clk 00:06:45]} {[%emt
00:00:55]} Kf7 {[%clk 00:23:36]} {[%emt 00:01:17]} 39. Qc7+ {[%clk 00:06:58]}
{[%emt 00:00:17]} Kg8 {[%clk 00:23:48]} {[%emt 00:00:11]} 40. Qc8+ {[%clk
00:06:49]} {[%emt 00:00:45]} Kh7 {[%clk 00:23:08]} {[%emt 00:01:11]} 41. Qc7+
{[%clk 00:02:59]} {[%emt 00:04:20]} Kg8 {[%clk 00:23:22]} {[%emt 00:00:16]} 42.
Qc8+ {[%clk 00:01:28]} {[%emt 00:02:01]} Kh7 {[%clk 00:22:43]} {[%emt
00:01:09]} 43. Qc7+ {[%clk 00:01:47]} {[%emt 00:00:10]} 1/2-1/2